| LEADER 00000nam 2200000uu 4500 |
| 001 205781 |
| 003 ULIBM |
| 008 110110s2553||||th 000 0 tha d |
| 060 0 วจ WY 19 บ788ก 2553.
|
| 100 0 ^aเบญจวรรณ ศรีโยธิน.
|
| 245 00 ^aกระบวนการจัดการความรู้ของนักศึกษาพยาบาลในวิชาปฏิบัติการบริหารการพยาบาล = Knowledge Management Process of Nursing Students in Nursing Administration Practice/^bเบญจวรรณ ศรีโยธิน,ชุติมา มาลัย.
|
| 260 ^aราชบุรี : ^bวิทยาลัยพยาบาลบรมราชชนนี ราชบุรี,^c2553.
|
| 300 ^aจำนวน 67 หน้า;^bภาพประกอบ.
|
| 650 0 ^aการบริหารการพยาบาล.
|
| 650 0 ^aพยาบาล - - กระบวนการจัดการความรู้.
|
| 700 0 ^aชุติมา มาลัย.
|
| 710 1 ^aวิทยาลัยพยาบาลบรมราชชนนี ราชบุรี.
|
| 999 ^aใช้งานได้ทุกระบบ
|